| 000 | 00385nam a2200157Ia 4500 | ||
|---|---|---|---|
| 008 | 230711s9999||||xx |||||||||||||| ||und|| | ||
| 041 | _aENG | ||
| 082 |
_a4 _bVA-N |
||
| 100 | _aValkenburg,ME Van | ||
| 245 | 0 | _aNetwork analysis | |
| 250 | _a1st | ||
| 260 |
_c1974 _aNew Delhi _bPrentice-Hall of India Private Limited |
||
| 300 | _a571 | ||
| 650 | _aElectrical Engineering | ||
| 942 | _cBK | ||
| 999 |
_c697 _d697 |
||